Statistics for Premier League Players by Name - F

Click here to take the quiz!

General Stats

  • This quiz has been taken 19 times
  • The average score is 14 of 22

Answer Stats

PositionClubNationPlayer% Correct
MFManchester UnitedBrazilFred
100%
FWLiverpoolBrazilRoberto Firmino
100%
MFManchester UnitedPortugalBruno Fernandes
93%
MFLiverpoolBrazilFabinho
93%
MFManchester CityBrazilFernandinho
93%
GKWest Ham UnitedPolandLukasz Fabianski
93%
MFManchester CityEnglandPhil Foden
93%
DFLeicester CityFranceWesley Fofana
86%
GKWatfordEnglandBen Foster
71%
GKSouthamptonEnglandFraser Forster
71%
MFWest Ham UnitedSpainPablo Fornals
71%
GKBrentfordSpainAlvaro Fernandez
57%
DFNewcastle UnitedArgentinaFederico Fernandez
57%
DFLeeds UnitedSpainJunior Firpo
43%
MFNewcastle UnitedScotlandRyan Fraser
43%
DFWatfordSpainKiko Femenia
36%
DFWest Ham UnitedEnglandRyan Fredericks
36%
MFLeeds UnitedEnglandAdam Forshaw
29%
FWBrentfordGhanaTariqe Fosu
29%
FWWatfordEnglandAshley Fletcher
21%
DFCrystal PalaceEnglandNathan Ferguson
21%
FWBrentfordFinlandMarcus Forss
14%

Score Distribution

Percentile by Number Answered

Percent of People with Each Score

Your Score History

You have not taken this quiz